000 00855 a2200253 4500
005 20251128121307.0
008 251128b |||||||| |||| 00| 0 eng d
020 _a97806700997401 (hbk)
037 _cTB
040 _aAL
_cAL
041 _2eng
_aeng
084 _aV2y7M91 R4
_qAL
100 _aBhaskar, Anurag
_9848736
245 _aForesighted Amedkar:
_bideas that shaped Indian constitutional discourse
260 _aGurugram, India:
_bPenguin Viking,
_c2024.
300 _ax, 385p.
365 _b799.00
_cINR
650 _aAmbedkar, Bhim Rao
_9853474
650 _aIndia - History
_9853475
650 _aConstitutional History
_9853476
650 _aHistory
_9853477
942 _cTB
_2CC
_n0
_hV2y7M91 R4
999 _c1464847
_d1464847